000
00361cam a2200157ua 4500
020
_c
4.50
041
_a
hin
_h
082
_a
891.54
_b
BOL/KA
100
_a
Bolonaya, Thripati .
245
_a
Kabir aur unka kariya /
_c
Bolonaya Thripati.
_h
Textual Documents
300
_a
230 ; .
365
_a
4.50
504
_a
942
_c
BK
999
_c
11785
_d
11785